Customer loyalty management in banking / (Record no. 23090)

MARC details
000 -LEADER
fixed length control field 00843nam a22002177a 4500
008 - FIXED-LENGTH DATA ELEMENTS--GENERAL INFORMATION
fixed length control field 090205t xxu||||| |||| 00| 0 eng d
010 ## - LCCN (DPL NO)
LC control number ENG-92866
020 ## - INTERNATIONAL STANDARD BOOK NUMBER
Terms of availability 190.00
International Standard Book Number 9788190778329
035 ## - SYSTEM CONTROL NUMBER
System control number EN-76399
037 ## - SOURCE OF ACQUISITION
Source of stock number/acquisition DBAD / PUB
040 ## - CATALOGING SOURCE
Original cataloging agency dpl
Language of cataloging English
082 ## - DEWEY DECIMAL CLASSIFICATION NUMBER
Classification number 658.812
100 ## - MAIN ENTRY--PERSONAL NAME
Personal name Sudhahar, J. Clement
245 ## - TITLE STATEMENT
Title Customer loyalty management in banking /
Statement of responsibility, etc by J.Clement Sudhahar [and] M. Selvam
260 ## - PUBLICATION, DISTRIBUTION, ETC. (IMPRINT)
Place of publication, distribution, etc Erode
Name of publisher, distributor, etc Pallavi Publications
Date of publication, distribution, etc 2008
270 ## - ADDRESS
Address 194, Khanna Complex, Mettur Road,
City Erode
Postal code 638011
300 ## - PHYSICAL DESCRIPTION
Extent xvi, 222p.
Dimensions 22cm (pbk)
500 ## - GENERAL NOTE
General note Includes references
942 ## - ADDED ENTRY ELEMENTS (KOHA)
Source of classification or shelving scheme Dewey Decimal Classification
Item type English Books
Call number suffix SUD
Classification part 658.812
Holdings
Withdrawn status Lost status Source of classification or shelving scheme Damaged status Not for loan Collection code Home library Current library Date acquired Source of acquisition Cost, normal purchase price Total Checkouts Full call number Barcode Date last seen Copy number Cost, replacement price Koha item type
    Dewey Decimal Classification   Not For Loan Non-fiction D.B.Act.Division D.B.Act.Division 05/02/2009 DBAD / PUB 190.00   658.812 SUD EN-76399 05/02/2009 1 190.00 English Books

© Delhi Public Library
Hit Counter
free hit counter